Demonyms of Every Country - Statistics

General Stats
  • This quiz has been taken 55 times
  • The average score is 122 of 196
Answer Stats
Country Denonym % Correct
Afghanistan Afghan
100%
Albania Albanian
96%
Algeria Algerian
93%
Angola Angolan
91%
Argentina Argentine/Argentinian
91%
Armenia Armenian
91%
Austria Austrian
91%
Australia Australian
89%
Azerbaijan Azerbaijani/Azeri
89%
Belarus Belarusian
89%
Andorra Andorran
87%
Antigua & Barbuda Antiguan/Barbudan
87%
Bangladesh Bangladeshi
87%
Belgium Belgian
83%
China Chinese
83%
Bolivia Bolivian
80%
Bosnia &Herzegovina Bosnian/Herzegovinian
80%
Brazil Brazilian
80%
Bahrain Bahraini
78%
Bulgaria Bulgarian
76%
Canada Canadian
76%
Netherlands Dutch
76%
India Indian
76%
Libya Libyan
76%
Mexico Mexican
76%
Bahamas Bahamian
74%
United Kingdom British/United Kingdom/UK
74%
Cambodia Cambodian
74%
Egypt Egyptian
74%
France French
74%
Georgia Georgian
74%
Haiti Haitian
74%
Indonesia Indonesian
74%
Italy Italian
74%
Jamaica Jamaican
74%
Japan Japanese
74%
Kazakhstan Kazakhstani/Kazakh
74%
Kenya Kenyan
74%
Lithuania Lithuanian
74%
Russia Russian
74%
Colombia Colombian
72%
Cuba Cuban
72%
Denmark Danish
72%
Dominica | DominicanRepublic Dominican
72%
Ethiopia Ethiopian
72%
Germany German
72%
Greece Greek/Hellenic
72%
Iran Iranian/Persian
72%
Iraq Iraqi
72%
Ireland Irish
72%
Israel Israeli/Israelite
72%
Luxembourg Luxembourg/Luxembourgish
72%
Malaysia Malaysian
72%
Morocco Moroccan
72%
Nigeria Nigerian
72%
Niger Nigerien
72%
North Korea North Korean
72%
Pakistan Pakistani
72%
Poland Polish
72%
Portugal Portuguese
72%
Romania Romanian
72%
South Korea South Korean
72%
Thailand Thai
72%
United States American/United States/U.S.
70%
Chile Chilean
70%
Costa Rica Costa Rican
70%
Croatia Croatian
70%
Czech Republic Czech
70%
Estonia Estonian
70%
Finland Finnish
70%
Gambia Gambian
70%
Hungary Hungarian/Magyar
70%
Iceland Icelandic
70%
Kyrgyzstan Kyrgyzstani/Kyrgyz/Kirgiz/Kirghiz
70%
Malta Maltese
70%
Mongolia Mongolian
70%
Nepal Nepali/Nepalese
70%
Norway Norwegian
70%
South Africa South African
70%
Sudan Sudanese
70%
Syria Syrian
70%
Ukraine Ukrainian
70%
Barbados Barbadian
67%
Chad Chadian
67%
Ecuador Ecuadorian
67%
Fiji Fijian
67%
Philippines Filipino/Philippine
67%
Jordan Jordanian
67%
Kuwait Kuwaiti
67%
Latvia Latvian/Lettish
67%
Lebanon Lebanese
67%
Liberia Liberian
67%
North Macedonia Macedonian
67%
Mali Malian/Malinese
67%
Peru Peruvian
67%
Saudi Arabia Saudi/Saudi Arabian
67%
Serbia Serbian
67%
Slovakia Slovak
67%
Slovenia Slovenian/Slovene
67%
South Sudan South Sudanese
67%
Spain Spanish
67%
Sweden Swedish
67%
Switzerland Swiss
67%
Taiwan Taiwanese/Formosan
67%
Tanzania Tanzanian
67%
Tunisia Tunisian
67%
Turkey Turkish
67%
Cameroon Cameroonian
65%
Eritrea Eritrean
65%
Guatemala Guatemalan
65%
Guinea Guinean
65%
Micronesia Micronesian
65%
Samoa Samoan
65%
Senegal Senegalese
65%
Somalia Somali
65%
Zambia Zambian
65%
Laos Lao/Laotian
63%
Malawi Malawian
63%
Mauritania Mauritanian
63%
Namibia Namibian
63%
Nicaragua Nicaraguan
63%
Oman Omani
63%
Uzbekistan Uzbekistani/Uzbek
63%
Venezuela Venezuelan
63%
Vietnam Vietnamese
63%
Djibouti Djiboutian
61%
Grenada Grenadian
61%
Kiribati Kiribati
61%
Moldova Moldovan
61%
Myanmar Myanma/Burmese
61%
Paraguay Paraguayan
61%
Qatar Qatari
61%
Sri Lanka Sri Lankan
61%
Bhutan Bhutanese
59%
Burundi Burundian
59%
Cyprus Cypriot
59%
Gabon Gabonese
59%
Kosovo Kosovar/Kosovan
59%
New Zealand New Zealand
59%
Rwanda Rwandan
59%
Singapore Singapore/Singaporean
59%
Turkmenistan Turkmen
59%
Uganda Ugandan
59%
Guyana Guyanese
57%
Maldives Maldivian
57%
Botswana Botswanan
54%
Brunei Bruneian
54%
Congo | Democratic Republic of the Congo Congolese
54%
Mauritius Mauritian
54%
Saint Lucia Saint Lucian
54%
Tajikistan Tajikistani
54%
Uruguay Uruguayan
54%
Yemen Yemeni
54%
Honduras Honduran
52%
Tonga Tongan
52%
Zimbabwe Zimbabwean
52%
Ivory Coast Ivorian
50%
Montenegro Montenegrin
50%
Panama Panamanian
50%
Papua NewGuinea Papua New Guinean/Papuan
50%
East Timor Timorese
50%
Marshall Islands Marshallese
48%
Nauru Nauruan
48%
Monaco Monegasque/Monacan
46%
Palau Palauan
46%
Suriname Surinamese
46%
Trinidad & Tobago Trinidadian/Tobagonian
43%
Tuvalu Tuvaluan
43%
Central African Republic Central African
41%
United ArabEmirates Emirati/Emirian/Emiri
41%
EquatorialGuinea Equatorial Guinean/Equatoguinean
41%
Vanuatu Ni-Vanuatu/Vanuatuan
39%
Eswatini Swazi/Swati
39%
Belize Belizean
37%
Benin Beninese/Beninois
37%
Comoros Comoran/Comorian
37%
Liechtenstein Liechtensteiner
33%
El Salvador Salvadoran
33%
Togo Togolese
33%
Madagascar Malagasy/Madagscan
28%
Cape Verde Cape Verdean
26%
Ghana Ghanaian
26%
Solomon Islands Solomon Island
26%
Sierra Leone Sierra Leonean
24%
Saint Kitts &Nevis Kettitian/Nevisian
22%
Seychelles Seychellois
22%
Burkina Faso Burkinabe
20%
Sao Tome &Principe Sao Tomean
20%
Saint Vincent &the Grenadines Saint Vincentian/Vincentian
17%
Vatican City Vaticanian
15%
Lesotho Basotho
13%
Guinea-Bissau Bissau-Guinean
11%
Mozambique Mozambian
7%
San Marino Sammarinese
7%
No matching quizzes found
Score Distribution
Percent of People with Each Score
Percentile by Number Answered
Your Score History
You have not taken this quiz